<?xml version="1.0" encoding="UTF-8"?>
<record
    xmlns:xsi="http://www.w3.org/2001/XMLSchema-instance"
    xsi:schemaLocation="http://www.loc.gov/MARC21/slim http://www.loc.gov/standards/marcxml/schema/MARC21slim.xsd"
    xmlns="http://www.loc.gov/MARC21/slim">

  <leader>01349nam a2200289Ia 4500</leader>
  <controlfield tag="003">OSt</controlfield>
  <controlfield tag="005">20241010100703.0</controlfield>
  <controlfield tag="008">200731s9999    xx            000 0 und d</controlfield>
  <datafield tag="020" ind1=" " ind2=" ">
    <subfield code="a">9787507542080</subfield>
  </datafield>
  <datafield tag="040" ind1=" " ind2=" ">
    <subfield code="c">0</subfield>
  </datafield>
  <datafield tag="041" ind1=" " ind2=" ">
    <subfield code="a">chi</subfield>
    <subfield code="h">eng</subfield>
  </datafield>
  <datafield tag="050" ind1=" " ind2=" ">
    <subfield code="a">BJ1275</subfield>
    <subfield code="b">.C595 2015</subfield>
  </datafield>
  <datafield tag="100" ind1=" " ind2=" ">
    <subfield code="a">Cloud, Henry </subfield>
  </datafield>
  <datafield tag="245" ind1=" " ind2=" ">
    <subfield code="a">&#x8CA0;&#x8CAC;&#x7684;&#x529B;&#x91CF;&#x5927;:</subfield>
    <subfield code="b"> = It's not my fault /</subfield>
    <subfield code="c">&#x4EA8;&#x5229;&#xB7;&#x514B;&#x52DE;&#x5FB7; (Henry Cloud) , &#x7D04;&#x7FF0;&#xB7;&#x6E6F;&#x68EE;&#x5FB7; (John Townsend) &#x8457;; &#x80E1;&#x8309;&#x73B2;&#x8B6F;</subfield>
  </datafield>
  <datafield tag="246" ind1=" " ind2=" ">
    <subfield code="a">&#x8D1F;&#x8D23;&#x7684;&#x529B;&#x91CF;&#x5927;:</subfield>
  </datafield>
  <datafield tag="260" ind1=" " ind2=" ">
    <subfield code="a">&#x5317;&#x4EAC;:</subfield>
    <subfield code="b">&#x6821;&#x5712;&#x66F8;&#x623F;&#x51FA;&#x7248;&#x793E;&#x6388;&#x6B0A;, &#x83EF;&#x6587;&#x51FA;&#x7248;&#x793E;</subfield>
    <subfield code="c">2015</subfield>
  </datafield>
  <datafield tag="300" ind1=" " ind2=" ">
    <subfield code="a">231 p.</subfield>
    <subfield code="b">;</subfield>
    <subfield code="c">21 cm.</subfield>
  </datafield>
  <datafield tag="500" ind1=" " ind2=" ">
    <subfield code="a">Translation of: It's not my fault : the no-excuse plan to put you in charge of your life / Henry Cloud, John Townsend: Integrity Publishers, c2007.</subfield>
  </datafield>
  <datafield tag="505" ind1=" " ind2=" ">
    <subfield code="a">&#x900F;&#x8FC7;&#x8BB8;&#x591A;&#x4E30;&#x5BCC;&#x771F;&#x5B9E;&#x7684;&#x6848;&#x4F8B;&#xFF0C;&#x65E8;&#x5728;&#x5E2E;&#x52A9;&#x4F60;&#x63D0;&#x5347;&#x4E2A;&#x4EBA;&#x8D1F;&#x8D23;&#x7684;&#x80FD;&#x529B;&#xFF0C;&#x6709;&#x6548;&#x89E3;&#x51B3;&#x751F;&#x547D;&#x4E2D;&#x7684;&#x5404;&#x6837;&#x96BE;&#x9898;&#xFF0C;&#x4E0D;&#x518D;&#x4E3A;&#x81EA;&#x5DF1;&#x627E;&#x501F;&#x53E3;&#x53CA;&#x5F52;&#x548E;&#x4ED6;&#x4EBA;&#xFF0C;&#x8E0F;&#x4E0A;&#x201C;&#x4E3A;&#x81EA;&#x5DF1;&#x8D1F;&#x8D23;&#x201D;&#x7684;&#x65C5;&#x7A0B;&#xFF01;&#x8BA9;&#x4F60;&#x4E3A;&#x81EA;&#x5DF1;&#x7684;&#x8D23;&#x4EFB;&#x7ACB;&#x754C;&#x7EBF;&#xFF0C;&#x62D2;&#x7EDD;&#x518D;&#x8BF4;&#x201C;&#x8FD9;&#x4E0D;&#x662F;&#x6211;&#x7684;&#x9519;&#x201D;&#xFF01;&#x8131;&#x79BB;&#x91CD;&#x62C5;&#xFF0C;&#x4E0D;&#x518D;&#x627E;&#x4EFB;&#x4F55;&#x501F;&#x53E3;&#xFF0C;&#x770B;&#x89C1;&#x68A6;&#x60F3;&#x5B9E;&#x73B0;&#x7684;&#x53EF;&#x80FD;&#x3002;</subfield>
  </datafield>
  <datafield tag="650" ind1=" " ind2=" ">
    <subfield code="a">Blame -- Religious aspects -- Christianity.</subfield>
  </datafield>
  <datafield tag="650" ind1=" " ind2=" ">
    <subfield code="a">Christian ethics.</subfield>
  </datafield>
  <datafield tag="650" ind1=" " ind2=" ">
    <subfield code="a">Responsibility.</subfield>
  </datafield>
  <datafield tag="700" ind1=" " ind2=" ">
    <subfield code="a">Townsend, John </subfield>
  </datafield>
  <datafield tag="700" ind1=" " ind2=" ">
    <subfield code="a">&#x4EA8;&#x5229;&#xB7;&#x514B;&#x52DE;&#x5FB7;</subfield>
  </datafield>
  <datafield tag="700" ind1=" " ind2=" ">
    <subfield code="a">&#x80E1;&#x8309;&#x73B2;</subfield>
  </datafield>
  <datafield tag="942" ind1=" " ind2=" ">
    <subfield code="2">ddc</subfield>
    <subfield code="c">CB</subfield>
  </datafield>
  <datafield tag="952" ind1=" " ind2=" ">
    <subfield code="0">0</subfield>
    <subfield code="1">0</subfield>
    <subfield code="4">0</subfield>
    <subfield code="7">0</subfield>
    <subfield code="a">GETS</subfield>
    <subfield code="b">GETS</subfield>
    <subfield code="c">GEN</subfield>
    <subfield code="d">2020-07-09</subfield>
    <subfield code="l">0</subfield>
    <subfield code="o">BJ1275 .C595 2015&#xA0;</subfield>
    <subfield code="p">00000052</subfield>
    <subfield code="r">2020-07-09 00:00:00</subfield>
    <subfield code="w">2020-07-09</subfield>
    <subfield code="y">CB</subfield>
  </datafield>
  <datafield tag="999" ind1=" " ind2=" ">
    <subfield code="c">52</subfield>
    <subfield code="d">52</subfield>
  </datafield>
</record>
